Chansons les plus streamées : Marc Lavoine - Statistiques

Statistiques générales
  • Ce quiz a été pris 58 fois
    13 depuis la dernière actualisation
  • Le résultat moyen est 5 sur 10
Statistiques - réponses
Nb de streams Chanson % Correct
72 500 000 Elle a les yeux revolver
100%
15 000 000 Le parking des anges
92%
18 500 000 Toi mon amour
58%
15 500 000 Toi mon amour (avec Clara Luciani)
58%
11 000 000 J'ai tout oublié (avec Cristina Marocco)
50%
11 500 000 Chère amie (Toutes mes excuses) [avec Françoise Hardy]
42%
13 000 000 Je ne veux qu'elle (avec Claire Keim)
42%
6 000 000 Dis-moi que l'amour (avec Bambou)
25%
6 000 000 lucy & les chanteurs pour dames (avec Krisy)
8%
7 500 000 Vivre ou ne pas vivre (avec Cœur De Pirate et Arthur H)
0%
Aucun quiz correspondant
Distribution des résultats
% des personnes avec chaque résultat
Percentile par nombre de réponses
Votre historique - résultats
Vous n’avez pas pris ce quiz depuis la dernière actualisation